Real Madrid players by city of birth - Statistics

General Stats
  • This quiz has been taken 395 times
  • The average score is 11 of 23
Answer Stats
City Player % Correct
Zadar (Croatia) Luka Modric
97%
Cardiff (United Kingdom) Gareth Bale
83%
Funchal (Portugal) Cristiano Ronaldo
78%
Sevilla (Spain) Sergio Ramos
78%
Cúcuta (Colombia) James Rodríguez
77%
Lille (France) Raphael Varane
76%
Lyon (France) Karim Benzema
70%
San Isidro (Costa Rica) Keylor Navas
67%
Greifswald (Germany) Toni Kroos
67%
Rio de Janeiro (Brazil) Marcelo
64%
Sao Paulo (Brazil) Casemiro
62%
Leganés (Spain) Daniel Carvajal
54%
Nizhni Nóvgorod (Russia) Denís Cheryshev
43%
Benalmádena (Spain) Isco Alarcón
36%
Madrid (Spain) Nacho Fernández
30%
Las Palmas de Gran Canaria (Spain) Jesé Rodríguez
27%
Sao Joaquim de Bicas (Brazil) Danilo da Silva
22%
Alcover (Spain) Kiko Casilla
20%
Maceió (Brazil) Pepe
19%
Salamanca (Spain) Álvaro Arbeloa
16%
Linz (Austria) Mateo Kovacic
14%
Curtis (Spain) Lucas Vázquez
13%
Blanes (Spain) Rubén Yánez
2%
No matching quizzes found
Score Distribution
Percent of People with Each Score
Percentile by Number Answered
Your Score History
You have not taken this quiz